000 00920nam a2200277 i 4500
001 000017754
003 DO-SdBNP
005 20260525192155.0
007 ta
008 100331s1994 dr 000 0 spa d
040 _aDO-SdBNP
_bspa
_cBNPHU
_erda
041 _aspa
049 _aBNPD
082 4 _a923.47293
_bV476a
_223
100 1 _aVeras Toribio, Francisco Porfirio,
_eautor
_4aut.
_938617
245 1 0 _aAutobiografía /
_cFrancisco Porfirio Veras Toribio ; presentación, Tamundo Amaro Guzmán
264 4 _aSanto Domingo, D.N.,
_bPublicaciones ONAP,
_c©1994.
300 _a73 páginas ;
_c22 cm
336 _atexto
_btxt
_2rdacontent
337 _asin mediación
_bn
_2rdamedia
338 _avolumen
_bnc
_2rdacarrier
590 _aInventariado, 2025/BT
600 _aVeras Toribio, Francisco Porfirio,
_d1908-2002
_989739
650 _aAbogados
_xBiografías
_zRepública Dominicana
_989740
942 _2ddc
_cLBS1
999 _c17279
_d17279